| 000 | 00396nam a2200169Ia 4500 | ||
|---|---|---|---|
| 008 | 240830s1999 xx 000 0 und d | ||
| 041 | _aeng | ||
| 082 | _a617 ADA | ||
| 100 | _aADAMS J.C. | ||
| 245 | _aOUTLINE OF FRACTURES | ||
| 250 | _a11 | ||
| 260 |
_aEDINBURGH _bCHURCHILL LIVINGSTON _c1999 |
||
| 300 | _a324p | ||
| 650 | _aSHALYA-TANTRA | ||
| 906 | _aFRACTURES | ||
| 999 |
_c1186150 _d1186150 |
||